Sports Quiz

Random Sports or Quote Quiz

Sir Alex Ferguson Autobiography Quiz Stats

Quiz not verified by Sporcle

Score 0/14 Timer 06:00
0 Plays Today
Quote Subject % Correct
'(He) was the only player I managed who chose to be famous, who made it his mission to be known outside the game.'David Beckham
90.5%
'Taking (Tevez) back showed desperation. In terms of his prestige as a manager, he let himself down.'Roberto Mancini
85.4%
'He was such a brilliant long passer that he could choose a hair on the head of any team-mate answering the call of nature at our training ground.'Paul Scholes
84.7%
'(He) was the most gifted player I managed. He surpassed all the other great ones I coached at United - and I had many.'Cristiano Ronaldo
82.6%
'He can debilitate the most confident person in the world in seconds. He was an intimidating, ferocious individual.' Roy Keane
79.2%
'One of the most disappointing signings of my career. When I signed him there was something about him I didn’t like 'Owen Hargreaves
33.8%
'(He) was a terrible professional. We played down at Wimbledon and he was tucking into everything: sandwiches, soups, steaks. He was going through the menu.’Mark Bosnich
31%
Quote Subject % Correct
'(He) had more regard for defending and destroying a game than winning it.'Rafa Benitez
30%
'He's a likeable person when you get to know him, and he can laugh at himself, turn a joke back on himself.'Jose Mourinho
27.9%
'The other players were telling him: 'Behave yourself.' But that was the end of him. I knew we would never get him back.'Ruud van Nistelrooy
22.1%
'I didn't think of him as an elite international footballer.'Frank Lampard
19%
'Few of the signings made in his time haunted me at night.'Kenny Dalglish
15.1%
'His life expanded in more directions than we were happy with.'Rio Ferdinand
13.8%
'(He) was blessed with great cunning: a shrewdness that was borderline Machiavellian. He had a touch of evil.'Fernando Torres
4.1%

You're not logged in!

Compare scores with friends on all Sporcle quizzes.
Join for Free
OR
Log In

You Might Also Like...

Show Comments

Extras

Top Quizzes Today


Score Distribution

Your Account Isn't Verified!

In order to create a playlist on Sporcle, you need to verify the email address you used during registration. Go to your Sporcle Settings to finish the process.

Report this User

Report this user for behavior that violates our Community Guidelines.

Details: